000 00729nam a2200265Ia 4500
003 OSt
005 20221006143048.0
006 a|||||r|||| 00| 0
007 ta
008 221006b |||||||| |||| 00| 0 eng d
020 _c
_34.50
024 _a7,938
037 _cTextual
040 _aEASL
_cEASL
_beng
041 _2eng
_aeng
082 _aX.42.M68, L7
100 _aHANLEY Susan B
245 0 _aEconomic and demographic change in preindustrial Japan 1600-1868
260 _aPrinceton
_bPrinceton University Press
_c1977
300 _a409p.
_ccm.
490 _v JEL
700 _a YAMAMURA Kozo
942 _hX.42.M68, L7
_cTEXL
_2CC
999 _c1076024
_d1076024